000 004450000a22001810004500
003 MACL
005 20160128125318.0
008 160128b xxu||||| |||| 00| 0 eng d
040 _aMACL
_cMACL
041 _aEnglish
082 _a821/GRA
100 _aGrant, Myrna Reid
_934813
245 _aPoem For a Good & Happy Life
260 _bGramercy Books
_c1999
_aNew York
350 _a395
650 _aPoetry
_934814
942 _cBK
_k821/Gra
_2ddc
999 _c32203
_d32203